Česko - náš najvýznamnejší hospodársky partner. 2

Charakteristika Zásad postupov orgánov zmluvných strán colnej únie medzi SR a ČR pri predkladaní oznámení vyplývajúcich z medzinárodných zmlúv. Charakteristika Zásad postupov pri odovzdávaní informácií medzi ČR a SR. Hospodárske a obchodné vzťahy medzi ČR a SR. Český kapitálový trh. Legislatíva na p...

Full description

Saved in:
Bibliographic Details
Main Author: Bartl, J.
Format: Book Chapter
Language:Slovak
Subjects:
Tags: Add Tag
No Tags, Be the first to tag this record!

MARC

LEADER 00000naa a2200000 4500
001 r021934
005 20230919112715.6
041 0 |a slo 
044 |a SK 
245 1 0 |a Česko - náš najvýznamnejší hospodársky partner. 2  |c J. Bartl 
520 |a Charakteristika Zásad postupov orgánov zmluvných strán colnej únie medzi SR a ČR pri predkladaní oznámení vyplývajúcich z medzinárodných zmlúv. Charakteristika Zásad postupov pri odovzdávaní informácií medzi ČR a SR. Hospodárske a obchodné vzťahy medzi ČR a SR. Český kapitálový trh. Legislatíva na podporu hospodárskych a obchodných vzťahov medzi ČR a SR. 
610 2 0 |a vzťahy hospodárske medzinárodné 
610 2 0 |a vzťahy ekonomické 
610 2 0 |a zmluvy obchodné 
610 2 0 |a zmluvy medzinárodné 
610 2 0 |a Česko 
610 2 0 |a Slovensko 
610 2 0 |a únie colné 
610 2 0 |a trh kapitálový 
610 2 0 |a legislatíva 
610 2 0 |a podpora podnikania 
610 2 0 |a podpora vývozu 
100 1 |a Bartl, J.